000 01259nab a22002537a 4500
999 _c6332
_d6332
003 OSt
005 20260130210141.0
008 190603e xxum|||| |||| 00| 0 spa d
040 _cPJ
100 _97001
_aDurand Mendióroz, José E.
245 1 0 _aSobre los alcances de los términos "mujer" y "sexo" :
_buna sentencia en línea con la tradición inglesa /
_cJosé E. Durand Mendioroz.
260 _cCiudad Autónoma de Buenos Aires :
_aThomson Reuters La Ley,
_b2025.
300 _ap. 69-84
500 _aCita: TR LALEY AR/DOC/2246/2025 Publicado en: RCCyC 2025 (Octubre).
505 _aSumario: I. Prolegómenos.— II. Los fundamentos del fallo.— III. Situaciones que dependen de la interpretación de "sexo" y "mujer".— IV. Consideraciones finales.
505 _t¿Te interesa el texto completo? Solicitalo al correo: koha@justierradelfuego.gov.ar
650 0 _91497
_aCODIGO CIVIL Y COMERCIAL
650 0 _94044
_aPERSPECTIVA DE GÉNERO
650 0 _94305
_aDERECHO A LA IDENTIDAD DE GÉNERO
650 0 _91576
_aDISCRIMINACION
650 0 _91237
_aIGUALDAD ANTE LA LEY
773 0 _02713
_93170
_dCiudad Autónoma de Buenos Aires : Thomson Reuters La Ley, 2015-
_tRevista Código Civil y Comercial. Nº 5 - Octubre 2025
942 _2udc
_cANA